000 00410pab a2200133 454500
008 180718b2006 xxu||||| |||| 00| 0 eng d
100 _aLevy, Roger P.
245 _aEuropean Commission overload and the pathology of management reform: garbage cans, rationality and risk aversion
260 _c2006
300 _ap.423-39.
650 _aEuropean Commission
773 _aPublic Administration
909 _a70465
999 _c70465
_d70465